000 01009nas a2200277 4500
001 BR2015003402
003 BR-BrBNA
005 20231205125422.0
007 ta
008 230509b bl.|||p| |||| 00| 00por d
040 _aBR-BrBNA
_bpor
_cBiblioteca Nacional de Agricultura
041 _a(Pt)
072 _aN10
100 1 _aFerreira, G.C. dos S.
100 1 _aMoreno Júnior, A.L.
245 1 _aCola à base de PVA e argamassa de solo-cimento como alternativas para o assentamento de alvenaria de tijolos maciços de solo-cimento
246 1 _aPVA glue and cement soil mortars as alternatives for laying cement soil blocks masonry
650 _aINSTALACAO AGRICOLA
650 _aCIMENTO
650 _aRESISTENCIA
650 _aCONSTRUCAO RURAL
773 0 _tEngenharia Agrícola (Brazil)
_xISSN 1809-4430
_g(Mar-Apr 2011), v. 31(2) p. 237-248
_wBR2015003402
856 4 0 _uhttp://www.scielo.br/pdf/eagri/v31n2/a04v31n2.pdf
909 _a202311
_bLúcia
_c55
_dLúcia Elande
942 _2AGRIS
_n0
_cANA
999 _c244280
_d244280